000 01909nam0a2200361 4500
001 RU\NLR\BIBL_A\012564131
005 20211112103649.0
010 _a978-5-9948-3920-1
_9100
021 _aRU
_bКН-П-21-013842
_9КН-П-21-1110
035 _a(NLR Aleph) 012564131
090 _a12469874
_c12469874
100 _a20210714d2020 u y0rusy50 ca
101 0 _arus
102 _aRU
105 _aa|||j|||000zy
181 0 _ai
_baxxe
182 0 _an
200 1 _aМетодические основы занятий пляжным волейболом в вузе
_eучебное пособие
_eдля студентов высших учебных заведений, преподавателей, учителей физической культуры, тренеров
_fМ.С.Виншу, И.А. Ерошенко, Ю.Я. Низовцева
_gМинистерство науки и высшего образования Российской Федерации, Волгоградский государственный технический университет
203 _aТекст
_bвизуальный
_cнепосредственный
210 _aВолгоград
_cВолгГТУ
_d2020
215 _a87, [3] с.
_cил.
_d21
320 _aБиблиогр.: с. 87 (12 назв.) и в тексте
606 1 _aПляжный волейбол
_jУчебные издания
_xОбучение
_xВысшая школа
_92486178
_3RU\NLR\AUTH\6601691836
686 1 _aЧ515.691.4я73
686 1 _aЧ486.73-1я7
700 1 _aВиншу
_bМ. С.
_gМаргарита Cергеевна
701 1 _aЕрошенко
_bИ. А.
_gИрина Александровна
701 1 _aНизовцева
_bЮ. Я.
_gЮлия Яковлевна
942 _cBOOK
980 _aNBR
980 _aNB